000 00603cam a22001814a 4500
005 20250605164357.0
008 250528s ||||||||||||||||||||||||d
035 _a24380
040 _aGR-AtMCL
_bgre
_dGR-AtMCL
_eAACR2
245 1 _aAramco World
260 _bAramco Services Company,
_c2015
300 _a48
520 _aStories my Father Told Me, Capturing the Light of the Nile, The Art of the Dowry Chest, In Search of Ibn Battuta's Melon, The Double Lives of Ibn Al-Khatib, Calendar: Mosaics.
700 1 _aAbul Hamayel Basil A.
_99456
942 _cCR
999 _c9268
_d9268